000 00206 a2200097 4500
001 7822
100 _aCaroe, O
245 _aThe pathans:550 B C-A.D. 1957
260 _a
_bMacmillan
_c
090 _c6271
_d6271
942 _aNUST-CAE
_cM
_c32791
999 _c242895
_d242895